Falsettos Characters - Statistics

General Stats
  • This quiz has been taken 173 times
  • The average score is 7 of 7
Answer Stats
Hint Answer % Correct
Homosexual father, loves the way his family cooks linguine Marvin
100%
Partner of above character, you gotta die sometime Whizzer
100%
Kid, Chess lover Jason
99%
Divorced wife and mother Trina
99%
Psychiatrist returning, returning five sessions later Mendel
98%
Doctor of Internal medicine Dr. Charlotte
84%
Shiksa Caterer Cordelia
82%
No matching quizzes found
Score Distribution
Percent of People with Each Score
Percentile by Number Answered
Your Score History
You have not taken this quiz